书目信息 |
| 题名: |
直角三角形内切圆函数表
|
|
| 作者: | 徐忠熙 编 | |
| 分册: | ||
| 出版信息: | 北京 国防工业出版社 1979 |
|
| 页数: | 103页 | |
| 开本: | 19cm | |
| 丛书名: | ||
| 单 册: | ||
| 中图分类: | O1-645 | |
| 科图分类: | ||
| 主题词: | 三角函数-数学表 , 数学表-三角函数 | |
| 电子资源: | ||
| ISBN: | ||
| 000 | 00665nam0 2200241 45 | |
| 001 | 0179002844 | |
| 005 | 20060815082048.84 | |
| 010 | @dCNY0.34 | |
| 091 | @aCN@b15034.1776 | |
| 100 | @a19950726d1979 em y0chiy0121 ea | |
| 101 | 0 | @achi |
| 102 | @aCN@b110000 | |
| 105 | @ay z 000yy | |
| 200 | 10 | @a直角三角形内切圆函数表@Azhi jiao san jiao xing nei qie yuan han shu biao@f徐忠熙编 |
| 210 | @a北京@c国防工业出版社@d1979 | |
| 215 | @a103页@d19cm | |
| 606 | @a三角函数-数学表 | |
| 606 | @a数学表-三角函数 | |
| 610 | 0 | @a内切圆@a函数表 |
| 690 | @aO1-645@v3 | |
| 701 | 0 | @a徐忠熙@Axu zhong xi@4编 |
| 801 | 0 | @aCN@bTSSF@c20060815 |
| 905 | @a10447@dO1-645@e298 | |
| 直角三角形内切圆函数表/徐忠熙编.-北京:国防工业出版社,1979 |
| 103页;19cm |
| ISBN :CNY0.34 |
| ● |
| 相关链接 |
|
|
|
|
正题名:直角三角形内切圆函数表
索取号:O1-645/298
 
预约/预借
| 序号 | 登录号 | 条形码 | 馆藏地/架位号 | 状态 | 备注 |
| 1 | 0455081 | 204550814 | 密集书库/ [索取号:O1-645/298] | 在馆 | |
| 2 | 0455082 | 204550823 | 密集书库/ [索取号:O1-645/298] | 在馆 | |
| 3 | 0455083 | 204550832 | 密集书库/ [索取号:O1-645/298] | 在馆 | |
| 4 | 0461383 | 204613837 | 密集书库/ [索取号:O1-645/298] | 在馆 | |
| 5 | 0461384 | 204613846 | 密集书库/ [索取号:O1-645/298] | 在馆 | |
| 6 | 0461385 | 204613855 | 密集书库/ [索取号:O1-645/298] | 在馆 | |
| 7 | 0461386 | 204613864 | 密集书库/ [索取号:O1-645/298] | 在馆 | |
| 8 | 0461387 | 204613873 | 密集书库/ [索取号:O1-645/298] | 在馆 |